000 00522nam a2200217Ia 4500
003 OSt
005 20230330103225.0
008 210423s2008 xx 000 0 und d
020 _a415428025
040 _cAL
041 _aeng
082 _a659.2 THEA
100 _aTHEAKER (Alison).
_979996
245 _aPublic relation handbook.
250 _a3
260 _aLondon
_bRoutledge & Kegan Paul
_c2008
300 _ax,418
_bPB
365 _b795
_cINR
906 _ahandbook. ; Public ; relation
942 _2ddc
_cBK
999 _c157525
_d157525